Responses for Show #2678 - Wednesday, April 3, 1996

David Sampugnaro game 3.

Contestants

[<< previous game]

Dan Goldman, a legal editor from Madison, New Jersey

Joy Sibley, a school librarian from Herndon, Virginia

David Sampugnaro, a writer and consultant originally from Elmsford, New York (whose 2-day cash winnings total $30,201)

[next game >>]

Jeopardy! Round responses

MYTHOLOGY
CELEBRITY QUOTES
STOCK SYMBOLS
BIOLOGY
U.S.A.
POTPOURRI
    $100 16
(David: What are satyrs?)

centaurs

DavidJoy
    $100 18
Mayor Koch

David
    $100 23
H & R Block

David
    $100 7
teeth

David
    $100 1
the president

Joy
    $100 2
the hearts

David
    $200 17
a scarab

David
    $200 19
Lea Thompson

David
    $200 24
King World

David
    $200 9
chlorophyll

David
    $200 3
the Midshipmen

Triple Stumper
    $200 8
Clubs

David
    $300 28
Scandinavia

Joy
    $300 20
(Joy: Who is Jim Backus?)
(David: Who is Jerry Van Dyke?)

Alan Young

DavidJoy
Triple Stumper
    $300 25
Bethlehem Steel

Dan
    $300 10
vertebrae

David
    $500 4
Alaska

David
    $300 13
Spade

Dan
    $400 29
ambrosia

David
    $400 21
Bob Keeshan

Triple Stumper
    $400 26
Alberto-Culver

Triple Stumper
    $400 11
hemophilia

David
    $400 5
Lake Michigan

David
    $400 14
diamonds

Joy
    $500 30
Hermes

Dan
    $500 22
Billy Barty

Triple Stumper
    $500 27
OshKosh B'gosh

Joy
    $500 12
cilia

Joy
    $500 6
0 or 1

Dan
    $500 15
suits of playing cards

Dan

Scores at the first commercial break (after clue 15):

David Joy Dan
$2,200 $1,000 $1,300

Scores at the end of the Jeopardy! Round:

David Joy Dan
$3,000 $1,600 $2,100

Double Jeopardy! Round responses

THE DESERT
LITERATURE
COLLEGES & UNIVERSITIES
THE TONY AWARDS
EXPLORERS
"LAND" HO!
(Alex: "Land" in quotation marks, we know what that means.)
    $200 12
the Sahara

Joy
    $200 6
(Ernest) Hemingway

David
    $200 17
Edinburgh

Joy
    $200 26
Glenn Close

Joy
    $200 7
Columbus

David
    $200 1
a landslide

David
    $400 13
a camel

David
    $400 18
Clavell

Dan
    $400 22
Brown

David
    $400 27
Sardi's

Dan
    $400 8
(Captain) Cook

David
    $400 2
Landsat

Dan
    $600 14
(Joy: Who is Lawrence of Arabia?)

Indiana Jones

DavidJoy
    $600 19
(David: Who is Stephen King?)
...
(Alex: Not Carrie, just... Sister Carrie.)

(Theodore) Dreiser

DavidJoy
    $600 23
California

David
    $600 28
Evita

Joy
    $600 9
Sacajawea

Joy
    $600 3
Land's End

David
    $800 15
the Negev

David
    $2,000 20
Kant

Joy
    $800 24
Ohio

David
    $800 29
Annie

David
    $800 10
Vasco da Gama

David
    $800 4
Land of Enchantment

David
    $1000 16
Kuwait

David
    $1000 21
Anne of Green Gables

David
    $2,000 25
Vanderbilt

David
    $1000 30
Compassion!

David
    $1000 11
Sir Walter Raleigh

David
    $1000 5
Swaziland

Joy

Scores at the end of the Double Jeopardy! Round:

David Joy Dan
$16,000 $6,400 $3,300
(lock game)

[wagering suggestions for these scores]

Final Jeopardy! Round responses

FAMOUS WOMEN
(Alex: [After Dan's response] Thinking of Jean Kirkpatrick.)
DanWho was Kirkpatrick?
$2,900
JoyWho is Clare Booth Luce
$300
DavidWho is Eleanor Roosevelt
$3,200
Eleanor Roosevelt

Final scores:

David Joy Dan
$19,200 $6,100 $400
3-day champion: $49,401 2nd place: Broyhill bedroom set + Village decorations 3rd place: Samsung combination TV/VCR

Game dynamics:

Coryat scores:

David Joy Dan
$14,800 $5,200 $3,300
33 R
(including 2 DDs),
3 W
14 R
(including 1 DD),
2 W
8 R,
0 W

Combined Coryat: $23,300

[game clues] [game scores] [suggest correction]

Game tape date: 1995-12-12
The J! Archive is created by fans, for fans. Scraping, republication, monetization, and malicious use prohibited; this site may use cookies and collect identifying information. See terms. The Jeopardy! game show and all elements thereof, including but not limited to copyright and trademark thereto, are the property of Jeopardy Productions, Inc. and are protected under law. This website is not affiliated with, sponsored by, or operated by Jeopardy Productions, Inc. Join the discussion at JBoard.tv.